Normal view
MARC view
- Inertial navigation systems.
Entry Topical Term
001 - CONTROL NUMBER
- control field: 24839
003 - CONTROL NUMBER IDENTIFIER
- control field: NUST
005 - DATE AND TIME OF LATEST TRANSACTION
- control field: 20191028101420.0
008 - FIXED-LENGTH DATA ELEMENTS
- fixed length control field: 191028|| aca||aabn | a|a d
040 ## - CATALOGING SOURCE
- Original cataloging agency: NUST
- Transcribing agency: NUST
150 ## - HEADING--TOPICAL TERM
- Topical term or geographic name entry element: Inertial navigation systems.
670 ## - SOURCE DATA FOUND
- Source citation: Work cat.: (NUST)0: Noureldin, Aboelmagd, author. 24837, Fundamentals of inertial navigation, satellite-based positioning and their integration /, [2013]
